Stratosphere by Duster - Statistics

General Stats
  • This quiz has been taken 57 times
  • The average score is 11 of 17
Answer Stats
Track # Song % Correct
Track 12 Stratosphere
94%
Track 8 Constellations
83%
Track 11 Inside Out
78%
Track 4 Topical Solution
78%
Track 7 Echo, Bravo
72%
Track 3 Gold Dust
72%
Track 2 Heading for the Door
72%
Track 9 The Queen of Hearts
72%
Track 6 The Landing
67%
Track 15 Earth Moon Transit
61%
Track 1 Moon Age
61%
Track 17 Sideria
61%
Track 16 The Twins / Romantica
61%
Track 13 Reed to Hillsborough
56%
Track 5 Docking the Pod
50%
Track 14 Shadows of Planes
50%
Track 10 Two Way Radio
44%
No matching quizzes found
Score Distribution
Percent of People with Each Score
Percentile by Number Answered
Your Score History
You have not taken this quiz